00705nam a2200241 a 4500001001300000003000900013005001700022008004100039020002300080082001300103100001800116245005100134260004400185300000900229500003500238505001000273650001600283700001800299902000800317942000700325952011400332999001700446nice12345678IN_TiNIC20260116013820.0050524s1995 dela grp 000 0 eng  a8171004 c46000a340bDES aDeshta, Sunil aLok Adalats in Indiab Genesis and Functioning aDelhibDeep and Deep Publicationsc1995 a372p aincludes index and biblioraphy2 aIndex aLok Adalats1 aDeshta, Sunil bSRS cBK 001040708StackRoom-aHMIbHMId2007-05-01g460.00l0o340 DESp016463r2007-05-01v460.00w2005-05-24yBK c12640d12640